| 000 | 00000nam 2200000za 4500 |
| 001 | 9.578900 |
| 003 | CaOODSP |
| 005 | 20210624190314 |
| 007 | cr ||||||||||| |
| 008 | 150406|2012||||xxc|||||o f|0| 0 eng d |
| 040 | |aCaOODSP|beng |
| 043 | |an-cn--- |
| 086 | 1 |aSE7-1/2012-2E-PDF |
| 245 | 00|aFederal voter turnout in First Nations reserves (2004–2011) |h[electronic resource] / |cprepared by Jean-Sébastien Bargiel. |
| 260 | |aOttawa : |bElections Canada, |cAugust 2012. |
| 300 | |a7 p. : |bgraph |
| 490 | 1 |aResearch note |
| 590 | |a14-07-Supp|b2014-04-03 |
| 690 | 07|aIndigenous peoples|2gcpds |
| 690 | 07|aCitizen participation|2gcpds |
| 690 | 07|aElections|2gcpds |
| 710 | 2 |aElections Canada. |
| 775 | 08|tTaux de participation aux élections fédérales dans les réserves des Premières Nations (2004–2011) / |w(CaOODSP)9.606634 |
| 830 | #0|aResearch note.|w(CaOODSP)9.507754 |
| 856 | 40|ahttp://publications.gc.ca|qPDF|s1.35 MB|uhttps://publications.gc.ca/collections/collection_2014/elections/SE7-1-2012-2-eng.pdf |